• 首页
  • 本馆介绍
  • 公告通知
  • 最新文献
  • 馆藏检索
  • 电子资源
  • 读者导购
  • 参考咨询
  • 我的图书馆
  • 登录
  • 详细信息显示
  • 放入我的书架
  • 预约/预借图书
  • 作者相关作品
  • 分类相关作品
  • 丛书相关作品
  • 出版社相关作品

书目信息

  • 表格格式
  • 工作单格式
  • 卡片格式
题名:
蔬菜病害速诊快治
    
 
作者: 张绍升 编著
分册:  
出版信息: 福州   福建科学技术出版社  2015
页数: 150页
开本: 21cm
丛书名:
单 册:
中图分类: S436.3
科图分类:
主题词: 蔬菜--病害--防治
电子资源:
ISBN: 978-7-5335-4736-3
000 00782nam0 2200229 450
001 012015000081
005 20151130093819.67
010    @a978-7-5335-4736-3@dCNY24.80
100    @a20150712d2015 em y0chiy50 ea
101 0  @achi
102    @aCN@b350000
105    @aa z 000yy
106    @ar
200 1  @a蔬菜病害速诊快治@Ashu cai bing hai su zhen kuai zhi@f张绍升[等]编著
210    @a福州@c福建科学技术出版社@d2015
215    @a150页@c图@d21cm
330    @a本书从病原和症状两个方面对蔬菜病害进行比较鉴别;以病害类型为线索、病例为代表,用彩色照片展示病害症状,对病害的诊断和防治技术作简明扼要的文字说明。
606 0  @a蔬菜@x病害@x防治
690    @aS436.3@v5
701  0 @a张绍升@Azhang shao sheng@4编著
801  0 @aCN@b碧洲教育@c20151127
905    @a10447@f4@dS436.3@e112
    
    蔬菜病害速诊快治/张绍升[等]编著.-福州:福建科学技术出版社,2015
    150页:图;21cm
    
    
    ISBN 978-7-5335-4736-3:CNY24.80
    本书从病原和症状两个方面对蔬菜病害进行比较鉴别;以病害类型为线索、病例为代表,用彩色照片展示病害症状,对病害的诊断和防治技术作简明扼要的文字说明。
●
相关链接 在E读中查询图书 在五车中查询图书 在当当中查询图书 在豆瓣中查询图书


正题名:蔬菜病害速诊快治     索取号:S436.3/112         预约/预借

序号 登录号 条形码 馆藏地/架位号 状态 备注
1 0871810   208718100   第二样本阅览室/ [索取号:S436.3/112] 在馆    
2 0871811   208718119   密集书库-生命科学系/ [索取号:S436.3/112] 在馆    
3 0871812   208718128   第三借阅区/ [索取号:S436.3/112] 在馆    
4 0871813   208718137   第三借阅区/ [索取号:S436.3/112] 在馆    
唐山师范学院图书馆 欢迎您!
大连网信软件有限公司© 版权所有